000 00256nam a22001217a 4500
082 _a920
_bSUN/R
100 _aSUNDAR,R.S
245 _aSIR C.V RAMAN
260 _aBANGALORE
_bVASAN BOOK DEPOT
300 _a48
650 _aBIOGRAPHY
_zBANGALORE
942 _cBK
999 _c6182
_d6182